<?xml version="1.0" encoding="UTF-8"?><?xml-stylesheet type="text/xsl" href="static/style.xsl"?><OAI-PMH xmlns="http://www.openarchives.org/OAI/2.0/" xmlns:xsi="http://www.w3.org/2001/XMLSchema-instance" xsi:schemaLocation="http://www.openarchives.org/OAI/2.0/ http://www.openarchives.org/OAI/2.0/OAI-PMH.xsd"><responseDate>2026-06-05T12:45:38Z</responseDate><request verb="GetRecord" identifier="oai:riuma.uma.es:10630/7684" metadataPrefix="marc">https://riuma.uma.es/rest/oai/request</request><GetRecord><record><header><identifier>oai:riuma.uma.es:10630/7684</identifier><datestamp>2026-02-03T12:15:08Z</datestamp><setSpec>com_10630_2254</setSpec><setSpec>col_10630_37959</setSpec></header><metadata><record xmlns="http://www.loc.gov/MARC21/slim" xmlns:dcterms="http://purl.org/dc/terms/" xmlns:doc="http://www.lyncode.com/xoai" xmlns:xsi="http://www.w3.org/2001/XMLSchema-instance" xsi:schemaLocation="http://www.loc.gov/MARC21/slim http://www.loc.gov/standards/marcxml/schema/MARC21slim.xsd">
   <leader>00925njm 22002777a 4500</leader>
   <datafield ind2=" " ind1=" " tag="042">
      <subfield code="a">dc</subfield>
   </datafield>
   <datafield ind2=" " ind1=" " tag="720">
      <subfield code="a">Sánchez-Garrido, José Carlos</subfield>
      <subfield code="e">author</subfield>
   </datafield>
   <datafield ind2=" " ind1=" " tag="720">
      <subfield code="a">Naranjo-Rosa, Cristina Belén</subfield>
      <subfield code="e">author</subfield>
   </datafield>
   <datafield ind2=" " ind1=" " tag="720">
      <subfield code="a">Macías, Diego</subfield>
      <subfield code="e">author</subfield>
   </datafield>
   <datafield ind2=" " ind1=" " tag="720">
      <subfield code="a">Sammartino, Simone</subfield>
      <subfield code="e">author</subfield>
   </datafield>
   <datafield ind2=" " ind1=" " tag="720">
      <subfield code="a">García-Lafuente, Jesús</subfield>
      <subfield code="e">author</subfield>
   </datafield>
   <datafield ind2=" " ind1=" " tag="260">
      <subfield code="c">2014-06-18</subfield>
   </datafield>
   <datafield ind2=" " ind1=" " tag="520">
      <subfield code="a">The Mediterranean is an oligotrophic sea that exhibits a decreasing biological productivity pattern from&#xd;
West to East. The Alboran Sea (AS) is its most productive sub-basin as shown by in situ measurements,&#xd;
satellite images, and basin-scale numerical simulations. All these sources reveal a mean state characterized&#xd;
by an incoming jet of Atlantic Water meandering around two mesoscale anticiclonic gyres as it&#xd;
progresses to the Mediterranean. Differently to the gyres, which are largely oligotrophic, the jet and&#xd;
its surroundings are zones of great biological productivity. Given that Atlantic Waters are poor in nutrients&#xd;
such high productivity is explained by an active submesoscale dynamics, with potential to pump&#xd;
nutrients to the photic zone.&#xd;
The above scenario is based on a hypothetic quasi-steady circulation and does not consider tides, particularly&#xd;
relevant in the Strait of Gibraltar. Tides in the Strait can (1) fertilize the incoming jet through the&#xd;
advection of mixed water from Tangier Basin at the lee side of Camarinal Sill (with origin in an internal&#xd;
hydraulic jump), or facilitate the entrainment of Mediterranean Water by the jet at the narrowest section&#xd;
of the Strait. In addition, (2) tides export nonlinear internal waves and other ageostrophic flows to the&#xd;
AS, giving rise to a more energetic submesoscale circulation. The role that these two processes play&#xd;
on the biological productivity of the AS is investigated with an ecosystemic Nutrient-Phytoplankton-&#xd;
Zooplankton-Detritus (NPZD) model embedded with a submesoscale-resolving tidally-driven circulation&#xd;
model. Results reveal that the join contribution of (1) and (2) increases the biological productivity&#xd;
of the AS in a factor of two.&#xd;
70</subfield>
   </datafield>
   <datafield ind1="8" ind2=" " tag="024">
      <subfield code="a">http://hdl.handle.net/10630/7684</subfield>
   </datafield>
   <datafield tag="653" ind2=" " ind1=" ">
      <subfield code="a">Productividad primaria (Biología) -- Medición</subfield>
   </datafield>
   <datafield tag="653" ind2=" " ind1=" ">
      <subfield code="a">Alborán</subfield>
   </datafield>
   <datafield ind2="0" ind1="0" tag="245">
      <subfield code="a">On how tides affect the biological productivity of the Strait of Gibraltar-Alboran sea system: a numerical model study</subfield>
   </datafield>
</record>
</metadata></record></GetRecord></OAI-PMH>